Sports Quiz

Random Sports Quiz

Tour de France 2015 Stage runner-ups Quiz Stats

Quiz not verified by Sporcle

Challenge
Share
Tweet
Embed
Score 0/21 Timer 07:00
0 Plays Today
Stage Runner-up % Correct
Stage 2: Utrecht - Neeltje JansPeter Sagan
94.4%
Stage 1: Utrecht - Utrecht (ITT)Tony Martin
93.5%
Stage 5: Arras - AmiensPeter Sagan
92.5%
Stage 7: Livarot - FougèresAndré Greipel
91.6%
Stage 13: Muret -RodezPeter Sagan
90.7%
Stage 6: Abbeville - Le HavrePeter Sagan
87.9%
Stage 9: Vannes - Plumelec (TTT)Team Sky
86%
Stage 14: Rodez - Mende Thibaut Pinot
85%
Stage 16: Bourg-de-Péage - GapPeter Sagan
79.4%
Stage 20: Modane - L'Alpe D'HuezNairo Quintana
79.4%
Stage 3: Antwerpen - HuyChristopher Froome
76.6%
Stage Runner-up % Correct
Stage 10: Tarbes - La Pierre-Saint-MartinRichie Porte
76.6%
Stage 19: St-Jean-de-Maurienne - La Toussuire - Les SybellesNairo Quintana
67.3%
Stage 8: Rennes - Mûr-de-BretagneDaniel Martin
61.7%
Stage 21: Sévres - ParisBryan Coquard
58.9%
Stage 15: Mende - ValenceJohn Degenkolb
56.1%
Stage 4: Seraing - CambraiJohn Degenkolb
55.1%
Stage 18: Gap - St-Jean-de-MauriennePierre Rolland
47.7%
Stage 11: Pau - CauteretsDaniel Martin
40.2%
Stage 12: Lannemezan - Plateau de BeilleJakob Fuglsang
31.8%
Stage 17: Digne-Les-Bains - Pra-LoupAndrew Talansky
28%

You're not logged in!

Compare scores with friends on all Sporcle quizzes.
Sign Up with Email
OR
Log In

You Might Also Like...

Show Comments

Extras

Top Quizzes Today


Score Distribution

Your Account Isn't Verified!

In order to create a playlist on Sporcle, you need to verify the email address you used during registration. Go to your Sporcle Settings to finish the process.